Prescription - what is it for? (Record no. 74263)
[ view plain ]
| 000 -LEADER | |
|---|---|
| fixed length control field | 01326cab a2200289 4500 |
| 001 - CONTROL NUMBER | |
| control field | X125407 |
| 008 - FIXED-LENGTH DATA ELEMENTS--GENERAL INFORMATION | |
| fixed length control field | 040312n2004 000 0 eng u |
| 035 ## - SYSTEM CONTROL NUMBER | |
| System control number | (Sirsi) u125407 |
| 100 ## - MAIN ENTRY--PERSONAL NAME | |
| Personal name | Sara, C. |
| 245 ## - TITLE STATEMENT | |
| Title | Prescription - what is it for? |
| 260 ## - PUBLICATION, DISTRIBUTION, ETC. | |
| Date of publication, distribution, etc. | 2004 |
| 490 ## - SERIES STATEMENT | |
| Series statement | Conveyancer and Property Lawyer |
| Volume/sequential designation | (68) January/February 2004, 13-18(6) |
| 520 ## - SUMMARY, ETC. | |
| Summary, etc. | Examines prescriptive rights enshrined in common law asking whether they are still necessary in the light of international conventions and agreements setting out fundamental human rights. The Land Registration Act 2002 moves away from the principle of adverse possession whilst still recognising proprietary rights. Lord Hoffman in "R v Oxfordshire CC ex p Sunningwell Parish Council" (HL, Abs60977) stresses the importance of rules of prescription. |
| 590 ## - LOCAL NOTE (RLIN) | |
| Local note | ABS |
| 650 ## - SUBJECT ADDED ENTRY--TOPICAL TERM | |
| Topical term or geographic name entry element | PRESCRIPTIVE RIGHTS |
| 650 ## - SUBJECT ADDED ENTRY--TOPICAL TERM | |
| Topical term or geographic name entry element | PRESCRIPTION |
| 650 ## - SUBJECT ADDED ENTRY--TOPICAL TERM | |
| Topical term or geographic name entry element | ADVERSE POSSESSION |
| 650 ## - SUBJECT ADDED ENTRY--TOPICAL TERM | |
| Topical term or geographic name entry element | R V OXFORDSHIRE CC AND ANOTHER EX P SUNNINGWELL PARISH COUNCIL |
| 650 ## - SUBJECT ADDED ENTRY--TOPICAL TERM | |
| Topical term or geographic name entry element | LAND REGISTRATION ACT 2002 |
| 650 ## - SUBJECT ADDED ENTRY--TOPICAL TERM | |
| Topical term or geographic name entry element | COMMON LAW |
| 650 ## - SUBJECT ADDED ENTRY--TOPICAL TERM | |
| Topical term or geographic name entry element | CONVENTION FOR THE PROTECTION OF HUMAN RIGHTS AND FUNDAMENTAL FREEDOMS |
| 650 ## - SUBJECT ADDED ENTRY--TOPICAL TERM | |
| Topical term or geographic name entry element | CHARTER OF FUNDAMENTAL RIGHTS |
| 650 ## - SUBJECT ADDED ENTRY--TOPICAL TERM | |
| Topical term or geographic name entry element | HUMAN RIGHTS ACT 1998 |
| 650 ## - SUBJECT ADDED ENTRY--TOPICAL TERM | |
| Topical term or geographic name entry element | DALTON V ANGUS AND CO |
| 690 ## - LOCAL SUBJECT ADDED ENTRY--TOPICAL TERM (OCLC, RLIN) | |
| Topical term or geographic name as entry element | PROPERTY |
| 942 ## - ADDED ENTRY ELEMENTS (KOHA) | |
| Suppress in OPAC | 0 |
| Withdrawn status | Lost status | Source of classification or shelving scheme | Damaged status | Not for loan | Home library | Current library | Shelving location | Date acquired | Total Checkouts | Full call number | Barcode | Date last seen | Copy number | Price effective from | Koha item type |
|---|---|---|---|---|---|---|---|---|---|---|---|---|---|---|---|
| Dewey Decimal Classification | London | London | Journal article | 12/03/2004 | X125407 | 125407-1001 | 06/08/2019 | 1 | 06/08/2019 | Journal article |